| 000 | 01554nam0a2200397 i 4500 | ||
|---|---|---|---|
| 001 | RU\NLR\BIBL_A\011594442 | ||
| 005 | 20260406112059.0 | ||
| 010 |
_a9785444465066 _9700 |
||
| 021 |
_aRU _b2017-96434 _96934 |
||
| 035 | _a(RuMoRGB)009486026 | ||
| 035 | _a(NLR Aleph) 011594442 | ||
| 090 |
_a10854008 _c10854008 |
||
| 100 | _a20180115d2017 km y0rusy50 ca | ||
| 101 | 0 | _arus | |
| 102 | _aRU | ||
| 105 | _aacb|z|||000zy | ||
| 200 | 1 |
_aТри войны "Великой Финляндии" _fА. Б. Широкорад |
|
| 210 |
_aМосква _cВече _d2017 (макет 2018) |
||
| 215 |
_a398, [1] с. _cил., к., портр., табл. _d21 |
||
| 225 | 1 | _aВоенно-историческая библиотека | |
| 320 | _aБиблиогр.: с. 377-379 и в примеч.: с. 372-376 | ||
| 333 | _a12+ | ||
| 606 | 1 |
_aВторая мировая война _yФинляндия _z1939 - 1945 _91007679 _3RU\NLR\auth\6665398 |
|
| 606 |
_aСоветско-финляндская война _z1939 - 1940 _92082251 _3RU\NLR\auth\661258270 |
||
| 606 |
_aСоветско-финляндская война _z1918 - 1920 _92385706 _3RU\NLR\auth\661423068 |
||
| 686 | 1 | _aЦ35(2)712.25 | |
| 686 | 1 | _aЦ35(2)721.5 | |
| 686 | 1 | _aТ3(2)721-682 | |
| 686 | 1 | _aТ3(2)713-681 | |
| 686 | 1 | _aТ3(2)722,02 | |
| 686 | 1 | _aЦ35(0)62(4Фн) | |
| 700 | 1 |
_8rus _7ca _aШирокорад _bА. Б. _f1947- _gАлександр Борисович _3RU\NLR\AUTH\77126524 _9109448 |
|
| 942 | _cBOOK | ||
| 980 | _aNBR | ||